000 00338nam a2200145Ia 4500
005 20251222151312.0
008 251222s9999||||xx |||||||||||||| ||spa||
020 _a8484326101
082 _a947.084.2/M36
100 _aMedvedev, Zhores A.
245 0 _aEl Stalin Desconocido
250 _a1ra. ed.
264 _bCrítica
942 _cLIB
999 _c23399
_d23399